| 000 | 00500nam a22001817a 4500 | ||
|---|---|---|---|
| 005 | 20260318121324.0 | ||
| 008 | 260318b |||||||| |||| 00| 0 eng d | ||
| 020 |
_a9780198292746 _c13194.50 |
||
| 040 | _aMAIN | ||
| 041 | _aJapanese | ||
| 082 |
_a338.0952 _bROL |
||
| 100 |
_aTanimoto, Masayuki _926522 |
||
| 245 | _aRole of Tradition in Japan's Industrialization | ||
| 260 |
_aNew Delhi _bOxford University Press _c2006 |
||
| 300 |
_a342 _bVol.2nd |
||
| 650 | _a Japanese Language | ||
| 942 | _cBK | ||
| 999 |
_c60545 _d60545 |
||